000 01466nmm a2200505 a 4500
003 AR-BaBNM
005 20251128204232.0
008 015019s1989 ||||||||||||||000 | spa||
020 _a950-06-1451-0
040 _cAR-BaBNM
100 1 _aMoorris, Richard J.
245 1 0 _aEducación especial
_binvestigaciones y tendencias
260 _aBuenos Aires
_bEditorial Médica Panamericana
_c1989
300 _a323 p.
500 _aTraducción de la Dra. Elvira B. Calvo
500 _aSupervisión del Dr. Orlando L. Schrager
600 1 4 _aAntia, Shirin D.
600 1 4 _aBlake, Kathryn A.
600 1 4 _aBogdan, Robert
600 1 4 _aBricker, Diane
600 1 4 _aButler, Katharine G.
600 1 4 _aKauffman, James M.
600 1 4 _aMaker, C. June
600 1 4 _aMc Reynolds, Rebecca
600 1 4 _aRobinson, Suzanne
600 1 4 _aDeutsch Smith, Deborah
600 1 4 _aTerzieff, Ivan S.
600 1 4 _aWilliams, Charlotte L.
600 1 4 _aYsseldyke, James E.
650 4 _aEDUCACION ESPECIAL
650 4 _aALUMNOS ATIPICOS
650 4 _aALUMNOS DEFICIENTES
650 4 _aCONDUCTA INFANTIL
650 4 _aCAMBIO DE PERSONALIDAD
650 4 _aALUMNOS SUPERDOTADOS
650 4 _aEDUCACION DEL NINO
650 4 _aDIFICULTADES EN EL APRENDIZAJE
650 4 _aPROBLEMAS DE COMPORTAMIENTO
650 4 _aLENGUAJE
650 4 _aEDUCACION SENSORIAL
650 4 _aSOCIOLOGIA
700 1 _aBlatt, Burton
942 _cBK
998 _cCarmen
999 _c6649
_d6649